Magnetic tape Instrumentation / (Record no. 183383)

000 -LEADER
fixed length control field 00927 a2200181 4500
003 - CONTROL NUMBER IDENTIFIER
control field Nust
005 - DATE AND TIME OF LATEST TRANSACTION
control field 20230807100038.0
040 ## - CATALOGING SOURCE
Transcribing agency Nust
082 ## - DEWEY DECIMAL CLASSIFICATION NUMBER
Classification number 621.38932,DAV
100 ## - MAIN ENTRY--PERSONAL NAME
Personal name Gomer L, Davies
9 (RLIN) 110313
245 ## - TITLE STATEMENT
Title Magnetic tape Instrumentation /
Statement of responsibility, etc. Davies Gomer L
260 ## - PUBLICATION, DISTRIBUTION, ETC.
Place of publication, distribution, etc. New York
Name of publisher, distributor, etc. McGraw Hill
Date of publication, distribution, etc. 1961
300 ## - PHYSICAL DESCRIPTION
Other physical details 263p
505 ## - FORMATTED CONTENTS NOTE
Formatted contents note Brief History of Magnetic Tape Instrumentation Applications (Page-1), Fundamentals of Recording and Reproduction (Page-6), Techniques used in Data Recording (Page-25), Tape-Transport Mechanisms (Page-75), Tape-Motion Irregularities (Page-98), Compensation of flutter and Skew Errors (Page-122), Speed Control Systems (Page-137), Electronic Equipment for Recording and Reproducing (Page-153), Heads and Head Stacks (Page-189), Magnetic Drums, Disks, and other Devices (Page-229).
600 ## - SUBJECT ADDED ENTRY--PERSONAL NAME
Personal name Gomer L Davies
9 (RLIN) 110314
650 ## - SUBJECT ADDED ENTRY--TOPICAL TERM
Topical term or geographic name entry element Tape Instrumentation
9 (RLIN) 110315
942 ## - ADDED ENTRY ELEMENTS (KOHA)
Source of classification or shelving scheme
Koha item type Book
Holdings
Withdrawn status Lost status Source of classification or shelving scheme Damaged status Not for loan Permanent Location Current Location Shelving location Date acquired Full call number Barcode Date last seen Price effective from Koha item type Public note
          Military College of Signals (MCS) Military College of Signals (MCS) General Stacks 12/12/2016 621.38932,DAV MCS21374 12/08/2016 12/12/2016 Book Almirah No.74, Shelf No.4
          Military College of Signals (MCS) Military College of Signals (MCS) General Stacks 12/12/2016 621.38932,DAV MCS21375 12/08/2016 12/12/2016 Book Almirah No.84, Shelf No.4
          Military College of Signals (MCS) Military College of Signals (MCS) General Stacks 08/07/2023 621.38932,DAV MCS7266 08/07/2023 08/07/2023 Book Almirah No.84, Shelf No.4
© 2023 Central Library, National University of Sciences and Technology. All Rights Reserved.